000 00797nam a22002537a 4500
999 _c15730
_d15730
003 AR-CdUCM
008 190429b ||||| |||| 00| 0 spa d
040 _aMUNICIPALIDAD PROVINCIAL DEL CUSCO
_cBIBLIOTECA MUNICIPAL DEL CUSCO
082 _22ed.
_aEP / 398 /
_bC514
110 _aUNICEF.
_99438
245 _aChakra Uywaymanta /
260 _aQusqu :
_bUNICEF,
_c2008.
300 _a32 páginas ;
_bilustraciones,
_c21 cm.
500 _aTexto en Quechua.
650 _aLiteratura
_983
650 _aAprendizaje infantil
_933271
650 _aSiglo XXI
_92856
700 _aVera, Eloy (colaboradora)
_934908
710 _aUNICEF.
_99438
710 _aCentro de Promoción y Servicios Integrales - CEPROSI
_934909
710 _aEIB.
_934910
942 _2ddc
_cLIBROS
945 _aachl
_d2019-04-29